Lease extension (Record no. 121554)
[ view plain ]
| 000 -LEADER | |
|---|---|
| fixed length control field | 00943nam a22002297a 4500 |
| 008 - FIXED-LENGTH DATA ELEMENTS--GENERAL INFORMATION | |
| fixed length control field | 230623s2021 xxk|||||o|||| 00| 0 eng d |
| 041 ## - LANGUAGE CODE | |
| Language code of text/sound track or separate title | eng |
| 110 ## - MAIN ENTRY--CORPORATE NAME | |
| Corporate author | Royal Institution of Chartered Surveyors |
| 245 ## - TITLE STATEMENT | |
| Title | Lease extension |
| Subtitle | factsheet |
| Medium | [Electronic resource] |
| 260 ## - PUBLICATION INFORMATION | |
| Place of publication | London, |
| Publisher | Royal Institution of Chartered Surveyors, |
| Date | 2021 |
| 300 ## - PHYSICAL DESCRIPTION | |
| Physical description | 8p. |
| 490 ## - SERIES TITLE | |
| Series statement | RICS Consumer guide |
| 520 ## - ABSTRACT | |
| Abstract | This factsheet provides an outline of the right to extend the lease of a flat in England & Wales under the Leasehold Reform Housing and Urban Development Act 1993. |
| 650 ## - KEYWORDS | |
| Keywords | LEASEHOLD PROPERTIES |
| 650 ## - KEYWORDS | |
| Keywords | LEASEHOLD REFORM HOUSING AND URBAN DEVELOPMENT ACT 1993 |
| 650 ## - KEYWORDS | |
| Keywords | LEASE EXTENSIONS |
| 651 ## - SUBJECT ADDED ENTRY--GEOGRAPHIC NAME | |
| Geographic name | England |
| 651 ## - SUBJECT ADDED ENTRY--GEOGRAPHIC NAME | |
| Geographic name | Wales |
| 690 ## - BROAD SUBJECT | |
| 9 (RLIN) | 6252 |
| Broad subject | Landlord and tenant |
| 856 ## - ONLINE RESOURCE | |
| Uniform Resource Identifier | <a href="https://www.ricsfirms.com/media/1282/rics-lease-extension-guide_2021.pdf">https://www.ricsfirms.com/media/1282/rics-lease-extension-guide_2021.pdf</a> |
| Public note | Available on rics.org/consumerguides |
| 942 ## - ADDED ENTRY ELEMENTS (KOHA) | |
| Suppress in OPAC | Do not suppress in OPAC |
| Lost status | Damaged status | Not for loan | Home library | Current library | Shelving location | Date acquired | Total Checkouts | Full call number | Date last seen | Price effective from | Koha item type |
|---|---|---|---|---|---|---|---|---|---|---|---|
| Virtual | Virtual | Online | 23/06/2023 | ONLINE PUBLICATION | 23/06/2023 | 23/06/2023 | Online material |